000 00585cam a2200169 4500
008 000000n 000 0 eng u
035 _a(Sirsi) u103613
245 _aElectronic Law Reports
520 _aSubscription web site which includes the complete archive of this law report series covering many aspects of property law. Searches can be done by the RICS Library phone for details.
650 _aLAW CASES
650 _aCHANCERY DIVISION
650 0 _aQUEEN`S BENCH DIVISION
650 0 _aKING'S BENCH DIVISION
650 _aCOURT OF APPEAL
690 _aLAW-UK
942 _n0
999 _c85397
_d85397